| 000 | 00366nam a2200133Ia 4500 | ||
|---|---|---|---|
| 008 | 240624s9999 xx 000 0 und d | ||
| 041 | _aeng | ||
| 082 | _a338.5024658 DOB | ||
| 100 | _aDOBBS IAN | ||
| 245 | _aMANAGERIAL ECONOMICS FIRMS MARKETS AND B | ||
| 260 |
_c2000 _aNew Delhi _bOxford University press |
||
| 300 | _axvii, , 493 , 25 : p. : cm. | ||
| 365 |
_cBPS _b30 |
||
| 999 |
_c7305 _d7305 |
||